UBT Library

American politics today / (Record no. 44658)

000 -LEADER
fixed length control field 00749cam a2200253 a 4500
001 - CONTROL NUMBER
control field 16541393
005 - DATE AND TIME OF LATEST TRANSACTION
control field 20180310041915.0
008 - FIXED-LENGTH DATA ELEMENTS--GENERAL INFORMATION
fixed length control field 101117s2011 nyuab b 001 0 eng
010 ## - LIBRARY OF CONGRESS CONTROL NUMBER
LC control number 2010045043
020 ## - INTERNATIONAL STANDARD BOOK NUMBER
International Standard Book Number 9780393934717 (hardcover : alk. paper)
040 ## - CATALOGING SOURCE
Original cataloging agency DLC
Transcribing agency DLC
Modifying agency DLC
041 ## - LANGUAGE CODE
Language code of text/sound track or separate title eng
042 ## - AUTHENTICATION CODE
Authentication code pcc
043 ## - GEOGRAPHIC AREA CODE
Geographic area code n-us---
080 ## - UNIVERSAL DECIMAL CLASSIFICATION NUMBER
Universal Decimal Classification number 320.473
082 00 - DEWEY DECIMAL CLASSIFICATION NUMBER
Classification number 320.473 BIA
Edition number 22
100 1# - Rafti
Rafti 20
101 ## - Shkurtesa
Shkurtesa SHP
245 10 - TITLE STATEMENT
Title American politics today /
Statement of responsibility, etc William T. Bianco, David T. Canon.
504 ## - BIBLIOGRAPHY, ETC. NOTE
Bibliography, etc Includes bibliographical references and index.
906 ## - LOCAL DATA ELEMENT F, LDF (RLIN)
a 7
b cbc
c orignew
d 1
e ecip
f 20
g y-gencatlg
942 ## - ADDED ENTRY ELEMENTS (KOHA)
Source of classification or shelving scheme
Item type Books
Holdings
Withdrawn status Lost status Source of classification or shelving scheme Damaged status Not for loan Collection code Permanent location Current location Shelving location Date acquired Total Checkouts Full call number Barcode Date last seen Price effective from Koha item type
          Koleksioni i përgjithshem UBT - Lipjan UBT - Lipjan Koleksioni i lëndeve mesimore 03/10/2018   320.473 BIA 002-3001376 03/10/2018 03/10/2018 Books
UBT Library © 2015-2024. All rights reserved University Education for Business and Technology